| 000 | 01082nam a2200289 i 4500 | ||
|---|---|---|---|
| 003 | EG-ScBUE | ||
| 005 | 20230919103308.0 | ||
| 008 | 100707s1999 ua b f b 000 0 ara d | ||
| 017 | _a1991 / 2338 | ||
| 040 |
_aEG-ScBUE _bara _erda _cEG-ScBUE _dEG-ScBUE |
||
| 082 | 0 | 4 |
_a909.097671 _bج ر ي _222 |
| 100 | 1 |
_aجريشة، علي، _eمؤلف. |
|
| 245 | 1 | 0 |
_aحاضر العالم الإسلامي / _cالمستشار الدكتور علي جريشة. |
| 250 | _aالطبعة الخامسة. | ||
| 264 | 1 |
_aالقاهرة : _bمكتبة وهبة، _c1999. |
|
| 300 |
_a395 صفحة : _bخرائط ؛ _c24 سم |
||
| 336 |
_2rdacontent _aنص _btxt |
||
| 337 |
_2rdamedia _aبدون وسيط _bn |
||
| 338 |
_2rdacarrier _aمجلد _bnc |
||
| 504 | _aيشتمل على إرجاعات ببليوجرافية. | ||
| 650 | 7 |
_aالإسلام _xتاريخ. _2BUEsh |
|
| 650 | 7 |
_aالاستشراق والمستشرقون. _2BUEsh |
|
| 651 | 7 |
_aالبلاد الإسلامية _xتاريخ _yقرن 20. _2BUEsh |
|
| 653 |
_bGGEN _cFebruary2018 |
||
| 655 | _vReading book | ||
| 942 | _2ddc | ||
| 999 |
_c14429 _d14429 |
||